[Event "37. Copenhagen Open (Politiken Cup)"]
[Site "Elsinore"]
[Date "2015.08.01"]
[Round "9"]
[White "Nielsen, Carsten Juul"]
[Black "Schmidt, Kristen"]
[Result "0-1"]
[WhiteElo "2023"]
[BlackElo "2254"]
[PlyCount "50"]
[EventDate "2015.07.25"]
[EventType "swiss"]
[EventRounds "10"]
[EventCountry "DEN"]
[Source "ChessBase"]
[SourceDate "2015.09.14"]

1. d4 Nf6 2. c4 g6 3. Nf3 Bg7 4. Nc3 O-O 5. g3 d6 6. Bg2 Nc6 7. O-O a6 8. a3
Rb8 9. b4 Nd7 10. b5 Na5 11. Qd3 e5 12. e3 exd4 13. exd4 Nb6 14. bxa6 bxa6 15.
Nd2 Re8 16. Nd5 c6 17. Nb4 Bf5 18. Be4 Bxe4 19. Nxe4 Nbxc4 20. Bg5 f6 21. Nxc6
Nb2 22. Qf3 Nxc6 23. Nxf6+ Bxf6 24. Bxf6 Qd7 25. Qc3 d5 0-1

[Event "37. Copenhagen Open (Politiken Cup)"]
[Site "Elsinore"]
[Date "2015.08.01"]
[Round "9"]
[White "Nielsen, Hogni Egilstoft"]
[Black "Thogersen, Rasmus"]
[Result "1-0"]
[WhiteElo "2338"]
[BlackElo "2192"]
[PlyCount "33"]
[EventDate "2015.07.25"]
[EventType "swiss"]
[EventRounds "10"]
[EventCountry "DEN"]
[Source "ChessBase"]
[SourceDate "2015.09.14"]

1. e4 c5 2. Nf3 d6 3. Bb5+ Bd7 4. Bxd7+ Qxd7 5. c4 Nf6 6. Nc3 g6 7. d4 cxd4 8.
Nxd4 Bg7 9. f3 O-O 10. Be3 Nc6 11. O-O a6 12. a4 e6 13. Rf2 d5 14. cxd5 exd5
15. Nxc6 bxc6 16. e5 Nh5 17. g4 1-0

[Event "37. Copenhagen Open (Politiken Cup)"]
[Site "Elsinore"]
[Date "2015.08.01"]
[Round "9"]
[White "Nielsen, Morten"]
[Black "Lofgren, Claes"]
[Result "1-0"]
[WhiteElo "1942"]
[BlackElo "2102"]
[PlyCount "121"]
[EventDate "2015.07.25"]
[EventType "swiss"]
[EventRounds "10"]
[EventCountry "DEN"]
[Source "ChessBase"]
[SourceDate "2015.09.14"]

1. e4 c5 2. c3 d5 3. exd5 Qxd5 4. d4 Nc6 5. Nf3 Bf5 6. dxc5 Qxc5 7. Na3 e6 8.
Nb5 Rc8 9. Be3 Qd5 10. Qxd5 exd5 11. Nxa7 Nxa7 12. Bxa7 Bc5 13. Bxc5 Rxc5 14.
a4 Nf6 15. Bb5+ Ke7 16. O-O Rd8 17. Rfe1+ Kf8 18. Nd4 Bc8 19. f3 g6 20. Re3 Rc7
21. Rae1 Rc5 22. g4 h6 23. h4 Rc7 24. Kg2 Rc5 25. g5 hxg5 26. hxg5 Nh5 27. Re7
Nf4+ 28. Kg3 Nh5+ 29. Kf2 Nf4 30. Kg3 Nh5+ 31. Kh2 Ng7 32. Nb3 Rxb5 33. axb5
Ne6 34. R1xe6 fxe6 35. Rh7 e5 36. Nc5 d4 37. Rh8+ Ke7 38. Rxd8 Kxd8 39. Nd3 Bf5
40. Nxe5 d3 41. Nc4 Kc7 42. Kg3 Be6 43. Nd2 Kb6 44. Kf2 Kxb5 45. Ke3 Bf5 46. b3
Kc5 47. Ne4+ Kd5 48. Kxd3 Ke5 49. Ke3 b6 50. f4+ Ke6 51. Kd4 Bh3 52. Ng3 Kd6
53. c4 Bd7 54. b4 Bh3 55. Ne4+ Ke6 56. Nc3 Bg2 57. b5 Kf5 58. Nd5 Bh3 59. Ke3
Bf1 60. Nxb6 Ke6 61. Kd4 1-0

[Event "37. Copenhagen Open (Politiken Cup)"]
[Site "Elsinore"]
[Date "2015.08.01"]
[Round "9"]
[White "Nielsen, Palle"]
[Black "Shehzad, Kasher"]
[Result "0-1"]
[WhiteElo "1751"]
[BlackElo "1563"]
[PlyCount "86"]
[EventDate "2015.07.25"]
[EventType "swiss"]
[EventRounds "10"]
[EventCountry "DEN"]
[Source "ChessBase"]
[SourceDate "2015.09.14"]

1. e4 c5 2. c3 Nc6 3. Nf3 d6 4. d4 cxd4 5. cxd4 Nf6 6. Nc3 Bg4 7. Be3 Qa5 8.
Bd3 e5 9. d5 Nd4 10. Bxd4 Bxf3 11. gxf3 exd4 12. Qa4+ Qxa4 13. Nxa4 Be7 14.
Bb5+ Nd7 15. Rc1 Kd8 16. b4 Rc8 17. Ke2 Bg5 18. Rxc8+ Kxc8 19. Nb2 Ne5 20. Rg1
Bh6 21. Nd3 f6 22. Ba4 g6 23. h3 Kd8 24. b5 Ke7 25. f4 Nxd3 26. Kxd3 Bxf4 27.
Kxd4 Rc8 28. Rd1 Be5+ 29. Ke3 Rc3+ 30. Rd3 Bf4+ 31. Ke2 Rc4 32. Bb3 Rxe4+ 33.
Kf3 Rb4 34. a3 Rxb5 35. Kxf4 Ra5 36. Bd1 h6 37. Re3+ Kf7 38. Bf3 Ra4+ 39. Kg3
f5 40. Rc3 Kf6 41. Rb3 b6 42. Rc3 h5 43. Re3 f4+ 0-1

[Event "37. Copenhagen Open (Politiken Cup)"]
[Site "Elsinore"]
[Date "2015.08.01"]
[Round "9"]
[White "Nilsen, Tobias Lang"]
[Black "Biasi, Grace"]
[Result "1-0"]
[WhiteElo "1855"]
[BlackElo "1649"]
[PlyCount "41"]
[EventDate "2015.07.25"]
[EventType "swiss"]
[EventRounds "10"]
[EventCountry "DEN"]
[Source "ChessBase"]
[SourceDate "2015.09.14"]

1. d4 d6 2. c4 Nc6 3. Nf3 g6 4. d5 Nb8 5. e4 f5 6. exf5 Bxf5 7. Bd3 Bg4 8. h3
Bxf3 9. Qxf3 Nf6 10. Nc3 Bg7 11. h4 O-O 12. Qe2 Nbd7 13. Bg5 a6 14. O-O-O Ne5
15. Bc2 b5 16. c5 dxc5 17. Qxe5 Ng4 18. Qe6+ Kh8 19. Qxg4 Rxf2 20. h5 b4 21.
Ne4 1-0

[Event "37. Copenhagen Open (Politiken Cup)"]
[Site "Elsinore"]
[Date "2015.08.01"]
[Round "9"]
[White "Nilssen, Ellen Fredericia"]
[Black "Szumniak, Jedrzej"]
[Result "0-1"]
[WhiteElo "1819"]
[BlackElo "1975"]
[PlyCount "100"]
[EventDate "2015.07.25"]
[EventType "swiss"]
[EventRounds "10"]
[EventCountry "DEN"]
[Source "ChessBase"]
[SourceDate "2015.09.14"]

1. Nf3 d5 2. b3 Nf6 3. Bb2 c5 4. e3 Nc6 5. Bb5 Bg4 6. O-O e6 7. h3 Bh5 8. c4 a6
9. Bxc6+ bxc6 10. d3 Bd6 11. Nbd2 Qc7 12. Qc2 O-O 13. Rfe1 Nd7 14. cxd5 cxd5
15. d4 cxd4 16. Qxc7 Bxc7 17. Nxd4 Ba5 18. g4 Bxd2 19. Re2 Bxe3 20. fxe3 Bg6
21. Rc1 Ne5 22. Rc3 Be4 23. Ba3 Rfc8 24. Rxc8+ Rxc8 25. Bd6 Nf3+ 26. Nxf3 Bxf3
27. Rd2 Be4 28. b4 Rc1+ 29. Kf2 Rc6 30. Bc5 a5 31. a3 a4 32. Kg3 e5 33. g5 f6
34. h4 Kf7 35. Rf2 f5 36. Rd2 h6 37. Rd1 Rg6 38. Rg1 hxg5 39. hxg5 Rxg5+ 40.
Kf2 Rxg1 41. Kxg1 Bd3 42. Kf2 g5 43. Bb6 f4 44. Bc7 Ke6 45. Bb6 Kf5 46. Bd8 g4
47. Bh4 g3+ 48. Kg1 Kg4 49. Bd8 f3 50. Bc7 f2+ 0-1

[Event "37. Copenhagen Open (Politiken Cup)"]
[Site "Elsinore"]
[Date "2015.08.01"]
[Round "9"]
[White "Nilssen, John Arni"]
[Black "Thuesen, Mogens Henrik"]
[Result "1/2-1/2"]
[WhiteElo "2285"]
[BlackElo "2158"]
[PlyCount "39"]
[EventDate "2015.07.25"]
[EventType "swiss"]
[EventRounds "10"]
[EventCountry "DEN"]
[Source "ChessBase"]
[SourceDate "2015.09.14"]

1. d4 d5 2. c4 e6 3. Nc3 Nf6 4. cxd5 exd5 5. Bg5 Be7 6. e3 c6 7. Qc2 O-O 8. Bd3
Nbd7 9. Nf3 Re8 10. h3 Nf8 11. g4 Be6 12. O-O-O N6d7 13. Bf4 b5 14. Kb1 Nb6 15.
Ne5 Rc8 16. Rc1 a5 17. e4 Nc4 18. Ka1 a4 19. Bxc4 dxc4 20. d5 1/2-1/2

[Event "37. Copenhagen Open (Politiken Cup)"]
[Site "Elsinore"]
[Date "2015.08.01"]
[Round "9"]
[White "Nisipeanu, Liviu Dieter"]
[Black "Ragger, Markus"]
[Result "1/2-1/2"]
[WhiteElo "2654"]
[BlackElo "2688"]
[PlyCount "29"]
[EventDate "2015.07.25"]
[EventType "swiss"]
[EventRounds "10"]
[EventCountry "DEN"]
[Source "ChessBase"]
[SourceDate "2015.09.14"]

1. e4 e5 2. Nf3 Nc6 3. Bc4 Bc5 4. c3 Nf6 5. d4 exd4 6. e5 d5 7. Be2 d3 8. exf6
dxe2 9. Qxe2+ Kf8 10. Be3 Bxe3 11. fxg7+ Kxg7 12. fxe3 Re8 13. O-O Qe7 14. Re1
Bf5 15. Nbd2 1/2-1/2

[Event "37. Copenhagen Open (Politiken Cup)"]
[Site "Elsinore"]
[Date "2015.08.01"]
[Round "9"]
[White "Nordin, Eric"]
[Black "Huse, Sigurd Kjelsbol"]
[Result "1/2-1/2"]
[WhiteElo "1899"]
[BlackElo "1715"]
[PlyCount "51"]
[EventDate "2015.07.25"]
[EventType "swiss"]
[EventRounds "10"]
[EventCountry "DEN"]
[Source "ChessBase"]
[SourceDate "2015.09.14"]

1. e4 e5 2. Nf3 Nf6 3. Nxe5 d6 4. Nf3 Nxe4 5. d4 d5 6. Bd3 Bd6 7. O-O O-O 8. c3
Bg4 9. Nbd2 Nxd2 10. Bxd2 h6 11. h3 Bh5 12. Be3 c6 13. c4 Qf6 14. cxd5 cxd5 15.
Re1 Bxf3 16. Qxf3 Qxf3 17. gxf3 Nc6 18. a3 a6 19. Rac1 Ne7 20. Kf1 Rac8 21. Ke2
f5 22. Bb1 Kf7 23. Kd3 Rxc1 24. Bxc1 Kf6 25. Ba2 Rc8 26. f4 1/2-1/2

[Event "37. Copenhagen Open (Politiken Cup)"]
[Site "Elsinore"]
[Date "2015.08.01"]
[Round "9"]
[White "Norlander, Svante"]
[Black "Martinsson, Jonas"]
[Result "0-1"]
[WhiteElo "1705"]
[BlackElo "1845"]
[PlyCount "45"]
[EventDate "2015.07.25"]
[EventType "swiss"]
[EventRounds "10"]
[EventCountry "DEN"]
[Source "ChessBase"]
[SourceDate "2015.09.14"]

1. e4 c5 2. Nf3 d6 3. d4 cxd4 4. Nxd4 Nf6 5. Nc3 a6 6. f3 e5 7. Nb3 Be6 8. Be3
Be7 9. Qd2 O-O 10. O-O-O b5 11. g4 Bc4 12. Nd5 Nxd5 13. exd5 a5 14. Kb1 a4 15.
Nc1 Na6 16. h4 Qc7 17. g5 Rac8 18. Bh3 Bxd5 19. Bxc8 Rxc8 20. Rh3 Nb4 21. c3
Be6 22. Rg3 Bf5+ 23. Ka1 0-1

[Event "37. Copenhagen Open (Politiken Cup)"]
[Site "Elsinore"]
[Date "2015.08.01"]
[Round "9"]
[White "Olsen, Michael Richard W"]
[Black "Lunde, Sigmund"]
[Result "1-0"]
[WhiteElo "2070"]
[BlackElo "1898"]
[PlyCount "77"]
[EventDate "2015.07.25"]
[EventType "swiss"]
[EventRounds "10"]
[EventCountry "DEN"]
[Source "ChessBase"]
[SourceDate "2015.09.14"]

1. Nf3 Nf6 2. g3 d5 3. Bg2 e6 4. O-O Be7 5. d3 O-O 6. Nbd2 b6 7. b3 Bb7 8. Bb2
c5 9. e3 Nc6 10. a3 Rc8 11. Qe2 Nd7 12. Rad1 Bf6 13. Bc1 Bc3 14. Nb1 Bf6 15. h3
e5 16. Nh2 Ne7 17. Ng4 Nf5 18. c4 Ne7 19. Nc3 h5 20. Nh2 e4 21. Nb1 dxc4 22.
dxc4 g6 23. Nd2 Bg7 24. Nxe4 Bxe4 25. Bxe4 Qc7 26. Bg2 Rfd8 27. f4 Nf8 28. Nf3
Nf5 29. Kh2 Re8 30. Qf2 Nd6 31. Ng5 Bf6 32. Bd5 h4 33. gxh4 Nh7 34. Kh1 Re7 35.
Qg2 Nf5 36. e4 Nh6 37. f5 Kh8 38. Nxh7 Kxh7 39. fxg6+ 1-0

[Event "37. Copenhagen Open (Politiken Cup)"]
[Site "Elsinore"]
[Date "2015.08.01"]
[Round "9"]
[White "Overgaard, Jorgen"]
[Black "Micalizio, Tiziano Wul"]
[Result "1-0"]
[WhiteElo "1800"]
[BlackElo "1644"]
[PlyCount "33"]
[EventDate "2015.07.25"]
[EventType "swiss"]
[EventRounds "10"]
[EventCountry "DEN"]
[Source "ChessBase"]
[SourceDate "2015.09.14"]

1. e4 c5 2. Nc3 g6 3. f4 Bg7 4. Nf3 Nc6 5. Bc4 e6 6. O-O Nge7 7. Qe1 O-O 8. d3
Na5 9. Bb3 Nxb3 10. axb3 d5 11. e5 Nc6 12. Qf2 Qe7 13. Na4 b6 14. Nxb6 Bd7 15.
Nxa8 Rxa8 16. Be3 d4 17. Bd2 1-0

[Event "37. Copenhagen Open (Politiken Cup)"]
[Site "Elsinore"]
[Date "2015.08.01"]
[Round "9"]
[White "Pantzar, Milton"]
[Black "Haria, Ravi"]
[Result "1/2-1/2"]
[WhiteElo "2098"]
[BlackElo "2261"]
[PlyCount "119"]
[EventDate "2015.07.25"]
[EventType "swiss"]
[EventRounds "10"]
[EventCountry "DEN"]
[Source "ChessBase"]
[SourceDate "2015.09.14"]

1. d4 e6 2. c4 d5 3. Nc3 c6 4. e4 Bb4 5. cxd5 exd5 6. exd5 Qxd5 7. Nf3 Bg4 8.
Be2 Nf6 9. O-O Qa5 10. Qb3 O-O 11. a3 Bxc3 12. bxc3 Qc7 13. Bg5 Nbd7 14. Rfe1
Ne4 15. Bd3 Bxf3 16. Bxe4 Bxe4 17. Rxe4 Qb6 18. Qc2 Qb5 19. Be7 Rfe8 20. Rae1
Qf5 21. Qe2 h6 22. g3 b5 23. Rf4 Qd5 24. Qg4 h5 25. Qh3 Nf8 26. Re5 Qd7 27.
Qxd7 Nxd7 28. Re3 f6 29. Rfe4 Kf7 30. Bd6 Rxe4 31. Rxe4 Re8 32. Rxe8 Kxe8 33.
Kf1 Kf7 34. Ke2 Ke6 35. Bb4 g5 36. h3 g4 37. hxg4 hxg4 38. Ke3 Kf5 39. Ba5 a6
40. Bc7 Nf8 41. Bb6 Ne6 42. Ba5 Ng5 43. Bb4 Ne4 44. Ba5 Nd6 45. Kd3 Nc4 46. Bb4
Ke6 47. Ke4 f5+ 48. Kf4 a5 49. Bc5 Nd2 50. Bb6 Nc4 51. Bc5 Nd2 52. Bb6 a4 53.
Ba5 Nc4 54. Bb4 Nb6 55. Ba5 Nd5+ 56. Kg5 Nf6 57. Kf4 Nd5+ 58. Kg5 Ne7 59. Bb6
Nd5 60. Ba5 1/2-1/2

[Event "37. Copenhagen Open (Politiken Cup)"]
[Site "Elsinore"]
[Date "2015.08.01"]
[Round "9"]
[White "Papp, Petra"]
[Black "Eriksson, Christian Altenburg"]
[Result "1/2-1/2"]
[WhiteElo "2300"]
[BlackElo "2175"]
[PlyCount "181"]
[EventDate "2015.07.25"]
[EventType "swiss"]
[EventRounds "10"]
[EventCountry "DEN"]
[Source "ChessBase"]
[SourceDate "2015.09.14"]

1. e4 c5 2. Nf3 Nc6 3. Nc3 Nf6 4. d4 cxd4 5. Nxd4 e5 6. Ndb5 d6 7. Bg5 a6 8.
Na3 Be7 9. Nc4 Nd4 10. Bxf6 gxf6 11. Nd5 Be6 12. Ncb6 Bxd5 13. Nxd5 Rc8 14. c3
Ne6 15. Be2 Rg8 16. O-O Rc5 17. b4 Rxd5 18. exd5 Nf4 19. Bf3 Qc8 20. Kh1 Rg6
21. c4 Qf5 22. Re1 Qg5 23. g3 Nh3 24. Qe2 f5 25. c5 e4 26. Bg2 Nf4 27. Qe3 Nd3
28. c6 Qxe3 29. Rxe3 bxc6 30. dxc6 Kd8 31. Rxd3 exd3 32. Rd1 Re6 33. Bf3 f4 34.
Rxd3 fxg3 35. hxg3 Re1+ 36. Kg2 Kc7 37. Rd4 Re6 38. Bd5 Re5 39. a4 f5 40. Rd3
h5 41. Kf1 f4 42. gxf4 Rf5 43. Bf3 Rxf4 44. Rb3 Rf5 45. b5 axb5 46. axb5 Kb6
47. Rc3 Bd8 48. Be2 h4 49. Ra3 Rf7 50. Kg2 Rg7+ 51. Kh3 Rf7 52. f4 Re7 53. Bf1
Ra7 54. Rxa7 Kxa7 55. c7 Bxc7 56. Kxh4 Kb7 57. Kg5 Kc8 58. Kg6 Kd8 59. f5 Ke8
60. Kg7 d5 61. f6 Be5 62. Bg2 d4 63. Be4 Kd7 64. Kf7 Kd6 65. Bd3 Kd7 66. Kg6
Ke8 67. Kf5 Bc7 68. Ke6 Bb6 69. Bg6+ Kf8 70. Kd5 Ba7 71. Ke6 Bb6 72. Bd3 Ba7
73. Be4 Bb6 74. Bg6 Ba7 75. Kd5 Bb6 76. Ke6 Ba7 77. Bd3 Bb6 78. Bc4 Ba7 79. Kd6
Bb6 80. Kd5 Ba7 81. Kc6 Ke8 82. Kb7 Bc5 83. Kc7 d3 84. Kc6 d2 85. Bb3 Bd4 86.
f7+ Kf8 87. Kd5 Ba7 88. Ke6 Bb6 89. Bd1 Be3 90. Bh5 Bb6 91. Kd5 1/2-1/2

[Event "37. Copenhagen Open (Politiken Cup)"]
[Site "Elsinore"]
[Date "2015.08.01"]
[Round "9"]
[White "Pedersen, Hans Buus"]
[Black "Skjoldager, Flemming"]
[Result "1/2-1/2"]
[WhiteElo "2158"]
[BlackElo "1944"]
[PlyCount "36"]
[EventDate "2015.07.25"]
[EventType "swiss"]
[EventRounds "10"]
[EventCountry "DEN"]
[Source "ChessBase"]
[SourceDate "2015.09.14"]

1. e4 c6 2. Nc3 d5 3. Nf3 dxe4 4. Nxe4 Nf6 5. Qe2 Bf5 6. d3 e6 7. g3 Nbd7 8.
Bg2 Nxe4 9. dxe4 Bg4 10. h3 Bxf3 11. Qxf3 Bb4+ 12. Kf1 Ne5 13. Qe2 O-O 14. Be3
Qe7 15. Kg1 Bc5 16. Kh2 Rad8 17. Rhd1 Bxe3 18. Qxe3 c5 1/2-1/2

[Event "37. Copenhagen Open (Politiken Cup)"]
[Site "Elsinore"]
[Date "2015.08.01"]
[Round "9"]
[White "Pedersen, Lars Foldager"]
[Black "Sorensen, Per Settergren"]
[Result "1/2-1/2"]
[WhiteElo "1907"]
[BlackElo "2087"]
[PlyCount "188"]
[EventDate "2015.07.25"]
[EventType "swiss"]
[EventRounds "10"]
[EventCountry "DEN"]
[Source "ChessBase"]
[SourceDate "2015.09.14"]

1. Nf3 Nf6 2. g3 g6 3. Bg2 Bg7 4. O-O O-O 5. c4 c5 6. Nc3 Nc6 7. d3 d6 8. a3 h6
9. e3 Bg4 10. Qc2 Qc8 11. Re1 Bh3 12. Bh1 Rb8 13. b3 a6 14. Bb2 e5 15. Qd2 b5
16. Ne4 Ne8 17. cxb5 axb5 18. Qc2 Be6 19. Rac1 Qd7 20. Ba1 b4 21. a4 Na5 22.
Ned2 f5 23. e4 Qf7 24. Nc4 Nxc4 25. dxc4 f4 26. Rf1 g5 27. Qd3 Bf6 28. Rfe1 Qh5
29. Nd2 Kh7 30. f3 fxg3 31. hxg3 Rb7 32. Re2 Kg8 33. Nf1 Rh7 34. Rh2 Qg6 35. g4
h5 36. Rxh5 Rxh5 37. gxh5 Qxh5 38. Rc2 Be7 39. Rh2 Qf7 40. Bb2 Nf6 41. Ng3 Nh7
42. Bc1 Qg6 43. Nh5 Rf7 44. Qe3 Rf4 45. Qf2 Rh4 46. Ng3 Nf6 47. Rg2 Kf8 48. Nf1
Qh7 49. Rh2 Rxh2 50. Qxh2 Qxh2+ 51. Kxh2 Nd7 52. Bg2 Bd8 53. Bh3 Kf7 54. Bxe6+
Kxe6 55. Kg3 Kf6 56. Ne3 Nf8 57. Nf5 Bc7 58. Kg4 Ne6 59. Bd2 Kg6 60. Ne7+ Kf7
61. Nc6 Ke8 62. Kf5 Kd7 63. Kf6 Bd8+ 64. Nxd8 Nxd8 65. Kxg5 Nc6 66. f4 exf4 67.
Bxf4 Na5 68. Kf5 Nxb3 69. e5 dxe5 70. Kxe5 Kc6 71. Ke4 Kb6 72. Kd5 Ka5 73. Be5
Kxa4 74. Bb2 Ka5 75. Bf6 Kb6 76. Bd8+ Kb7 77. Bf6 Kc8 78. Kc6 Kb8 79. Be5+ Ka7
80. Kb5 Kb7 81. Ka4 Nc1 82. Kb5 Nd3 83. Bg7 Kc7 84. Ka4 Kd7 85. Bf8 Kc6 86. Bg7
Nf2 87. Be5 Ne4 88. Bf4 Kd7 89. Kb3 Ke6 90. Be3 Kd6 91. Bf4+ Kc6 92. Be3 Nd6
93. Bd2 Nb7 94. Bxb4 cxb4 1/2-1/2

[Event "37. Copenhagen Open (Politiken Cup)"]
[Site "Elsinore"]
[Date "2015.08.01"]
[Round "9"]
[White "Percivaldi, Martin"]
[Black "Winfridsson, Hakan"]
[Result "1/2-1/2"]
[WhiteElo "2310"]
[BlackElo "2038"]
[PlyCount "91"]
[EventDate "2015.07.25"]
[EventType "swiss"]
[EventRounds "10"]
[EventCountry "DEN"]
[Source "ChessBase"]
[SourceDate "2015.09.14"]

1. d4 d5 2. c4 c6 3. Nf3 Nf6 4. e3 e6 5. b3 Bd6 6. Bd3 Nbd7 7. Bb2 O-O 8. O-O
b6 9. Nbd2 Bb7 10. Ne5 Qe7 11. Qe2 Rac8 12. f4 g6 13. Rf3 Rfd8 14. Rh3 Nf8 15.
g4 Ne8 16. g5 Bxe5 17. dxe5 c5 18. cxd5 Rxd5 19. e4 Rd7 20. Bb5 Rxd2 21. Qxd2
Bxe4 22. Qe2 Ba8 23. Ba6 Rd8 24. Rd1 Nc7 25. Bc4 Nd5 26. Rf3 Qb7 27. Rdf1 Ne7
28. h3 Nf5 29. Kh2 Rd4 30. Bd3 Nh4 31. R3f2 Rd8 32. Bb1 Kg7 33. Kg3 Nf5+ 34.
Kh2 Nd7 35. Re1 Nb8 36. Be4 Nc6 37. Qf3 Qc8 38. Qh1 Qd7 39. Rfe2 Qe8 40. Bc3
Ncd4 41. Rf2 Bd5 42. Bxd5 Rxd5 43. Qe4 Qd8 44. Rc1 h6 45. Rg1 Nb5 46. Be1
1/2-1/2

[Event "37. Copenhagen Open (Politiken Cup)"]
[Site "Elsinore"]
[Date "2015.08.01"]
[Round "9"]
[White "Petersen, Tom Petri"]
[Black "Stojanovski, Sandi"]
[Result "0-1"]
[WhiteElo "2360"]
[BlackElo "2192"]
[PlyCount "82"]
[EventDate "2015.07.25"]
[EventType "swiss"]
[EventRounds "10"]
[EventCountry "DEN"]
[Source "ChessBase"]
[SourceDate "2015.09.14"]

1. c4 c5 2. g3 Nc6 3. Bg2 g6 4. Nc3 Bg7 5. Nf3 e5 6. d3 Nge7 7. O-O O-O 8. Bd2
d6 9. Qc1 f6 10. Rb1 Be6 11. a3 Rc8 12. b4 b6 13. b5 Nd4 14. e4 Bg4 15. Nxd4
cxd4 16. Na4 Be2 17. Re1 Bxd3 18. Rb4 f5 19. f3 d5 20. exd5 Nxd5 21. Nb2 Nxb4
22. Bxb4 Bxc4 23. Nxc4 Qd5 24. Nxb6 axb6 25. Qg5 Rfe8 26. h4 d3 27. h5 Qd8 28.
Qe3 e4 29. Kh2 exf3 30. Qxe8+ Qxe8 31. Rxe8+ Rxe8 32. Bxf3 gxh5 33. Kg2 Bh6 34.
Bxh5 Re5 35. Bd1 Kf7 36. Bh5+ Ke6 37. Bc3 Rc5 38. Bb4 Rc1 39. a4 Rb1 40. a5
Rxb4 41. a6 Rxb5 0-1

[Event "37. Copenhagen Open (Politiken Cup)"]
[Site "Elsinore"]
[Date "2015.08.01"]
[Round "9"]
[White "Poulsen, Iver"]
[Black "Perrett, David C"]
[Result "1-0"]
[WhiteElo "2119"]
[BlackElo "1937"]
[PlyCount "63"]
[EventDate "2015.07.25"]
[EventType "swiss"]
[EventRounds "10"]
[EventCountry "DEN"]
[Source "ChessBase"]
[SourceDate "2015.09.14"]

1. e4 Nf6 2. e5 Nd5 3. d4 d6 4. Nf3 g6 5. Bc4 c6 6. O-O Bg7 7. Re1 O-O 8. Bg5
h6 9. Bh4 dxe5 10. Nxe5 Bxe5 11. dxe5 Be6 12. Qd2 Kg7 13. Nc3 Nxc3 14. Qxc3
Bxc4 15. Qxc4 g5 16. Bg3 e6 17. Rad1 Qb6 18. h4 Na6 19. hxg5 h5 20. Qf4 Qxb2
21. Qf6+ Kg8 22. g6 Qxc2 23. gxf7+ Rxf7 24. Qxe6 Nc5 25. Qh6 Qf5 26. Qe3 b6 27.
Rd6 Rc8 28. e6 Re7 29. Bh4 Ree8 30. e7 Rc7 31. Qg3+ Kh7 32. Rf6 1-0

[Event "37. Copenhagen Open (Politiken Cup)"]
[Site "Elsinore"]
[Date "2015.08.01"]
[Round "9"]
[White "Quinn, David"]
[Black "Ranaldi, Lucas"]
[Result "1/2-1/2"]
[WhiteElo "1947"]
[BlackElo "2142"]
[PlyCount "138"]
[EventDate "2015.07.25"]
[EventType "swiss"]
[EventRounds "10"]
[EventCountry "DEN"]
[Source "ChessBase"]
[SourceDate "2015.09.14"]

1. d4 Nf6 2. c4 e6 3. Nf3 Bb4+ 4. Bd2 c5 5. Bxb4 cxb4 6. g3 b6 7. Bg2 Bb7 8.
O-O O-O 9. Nbd2 d6 10. Ne1 Bxg2 11. Kxg2 a5 12. Nd3 Qc7 13. e3 e5 14. a3 bxa3
15. Rxa3 Nc6 16. d5 Ne7 17. e4 Nd7 18. Qe2 Nc5 19. Nxc5 Qxc5 20. f4 exf4 21.
gxf4 f5 22. e5 Rae8 23. Qf2 Qxf2+ 24. Rxf2 Nc8 25. Nf3 h6 26. h4 g6 27. Rb3 Kh7
28. e6 Re7 29. Nd4 Kg7 30. Re2 Kf6 31. Kf1 Rfe8 32. Nc6 Rc7 33. e7 Nxe7 34.
Re6+ Kf7 35. Rxd6 Nxc6 36. Rxc6 Rxc6 37. dxc6 Rc8 38. Rxb6 Ke6 39. Ra6 Kd6 40.
b3 Rc7 41. Rxa5 Rxc6 42. Rd5+ Kc7 43. Kf2 Ra6 44. Kf3 Ra3 45. Rb5 h5 46. Ke3
Ra1 47. c5 Re1+ 48. Kd4 Re4+ 49. Kd5 Rxf4 50. Rb6 Rxh4 51. Rxg6 Rb4 52. Rg7+
Kb8 53. Rf7 Rxb3 54. Rxf5 Rh3 55. Kc6 Rh1 56. Rf8+ Ka7 57. Rf7+ Kb8 58. Rb7+
Kc8 59. Rh7 Kb8 60. Rh8+ Ka7 61. Kc7 h4 62. c6 h3 63. Kc8 h2 64. c7 Rg1 65.
Rxh2 Rg8+ 66. Kd7 Rg7+ 67. Kd6 Rg6+ 68. Kd5 Kb7 69. Rh7 Kc8 1/2-1/2

[Event "37. Copenhagen Open (Politiken Cup)"]
[Site "Elsinore"]
[Date "2015.08.01"]
[Round "9"]
[White "Ramsdal, Jens Albert"]
[Black "Lundberg, Roland"]
[Result "1-0"]
[WhiteElo "2169"]
[BlackElo "1990"]
[PlyCount "47"]
[EventDate "2015.07.25"]
[EventType "swiss"]
[EventRounds "10"]
[EventCountry "DEN"]
[Source "ChessBase"]
[SourceDate "2015.09.14"]

1. e4 e5 2. Nf3 Nc6 3. Bc4 h6 4. d4 exd4 5. O-O Bc5 6. c3 d3 7. b4 Bd6 8. e5
Bf8 9. Re1 a6 10. Qxd3 Nge7 11. Bf4 g6 12. Nbd2 Bg7 13. Ne4 Kf8 14. Rad1 b6 15.
Bb3 Nf5 16. Qd5 Qe7 17. g4 Bb7 18. gxf5 Nxe5 19. Qxb7 Nxf3+ 20. Kh1 Be5 21.
Qxa8+ Kg7 22. Bxe5+ Qxe5 23. f6+ Kh7 24. Ng5+ 1-0

[Event "37. Copenhagen Open (Politiken Cup)"]
[Site "Elsinore"]
[Date "2015.08.01"]
[Round "9"]
[White "Rasmussen, Henning1"]
[Black "Nielsen, Jan Mose"]
[Result "0-1"]
[WhiteElo "1817"]
[BlackElo "2074"]
[PlyCount "182"]
[EventDate "2015.07.25"]
[EventType "swiss"]
[EventRounds "10"]
[EventCountry "DEN"]
[Source "ChessBase"]
[SourceDate "2015.09.14"]

1. d4 Nf6 2. c4 e6 3. Nf3 c5 4. e3 b6 5. g3 Bb7 6. Bg2 cxd4 7. exd4 d5 8. Ne5
Nbd7 9. Bg5 Bd6 10. Qa4 O-O 11. Nxd7 Qxd7 12. Qxd7 Nxd7 13. cxd5 Bxd5 14. Bxd5
exd5 15. O-O h6 16. Bd2 Rac8 17. Nc3 Nf6 18. f3 a6 19. Rac1 Rfe8 20. Kf2 Kf8
21. Ne2 Ke7 22. Rxc8 Rxc8 23. Rc1 Rb8 24. Bf4 g5 25. Bxd6+ Kxd6 26. g4 h5 27.
h3 hxg4 28. hxg4 Rh8 29. Kg2 Kd7 30. Ng3 Ne8 31. Nf5 Nc7 32. Rh1 Rxh1 33. Kxh1
Ne6 34. Kg1 Nf4 35. Kf1 Nd3 36. b3 Nc1 37. Ke1 Nxa2 38. Kd2 Nb4 39. Kc3 Nc6 40.
Kd3 Nd8 41. Kc3 Ne6 42. Nh6 Nd8 43. Nf5 Nc6 44. Kd3 Ne7 45. Ne3 Kc6 46. Kc3 Kd6
47. Kd3 Ng6 48. Nc2 Nf4+ 49. Kc3 Kc6 50. Nb4+ Kb5 51. Nc2 a5 52. Na3+ Ka6 53.
Nc2 b5 54. b4 a4 55. Kd2 Kb6 56. Kc3 Kc6 57. Ne3 Ng6 58. Nc2 Ne7 59. Ne3 Nc8
60. Nf5 Kd7 61. Ne3 Ke6 62. Nf5 Nb6 63. Ne3 Nc4 64. Nc2 Nd6 65. Na3 f5 66. Kd3
Kf6 67. Kc3 Ke7 68. Kd3 Ke6 69. Kc3 Kd7 70. Kd3 Kc6 71. Nc2 Nc4 72. Kc3 Kd6 73.
Kd3 Nb2+ 74. Kd2 Ke6 75. Kc3 Nc4 76. Kd3 Kd6 77. Kc3 a3 78. Kd3 fxg4 79. fxg4
a2 80. Na1 Ke6 81. Nb3 Nd6 82. Na1 Ne4 83. Ke3 Nf6 84. Kf3 Kd6 85. Nc2 Ng8 86.
Ke3 Nf6 87. Kf3 Ne8 88. Ke3 Ke6 89. Kf3 Nc7 90. Ke3 Na6 91. Kd2 Nxb4 0-1

[Event "37. Copenhagen Open (Politiken Cup)"]
[Site "Elsinore"]
[Date "2015.08.01"]
[Round "9"]
[White "Rasmussen, Lars"]
[Black "Molvig, Henrik"]
[Result "0-1"]
[WhiteElo "1953"]
[BlackElo "2157"]
[PlyCount "66"]
[EventDate "2015.07.25"]
[EventType "swiss"]
[EventRounds "10"]
[EventCountry "DEN"]
[Source "ChessBase"]
[SourceDate "2015.09.14"]

1. e4 c5 2. Nf3 d6 3. d4 cxd4 4. Nxd4 Nf6 5. Nc3 a6 6. Be2 e5 7. Nb3 Be7 8. O-O
O-O 9. Be3 Be6 10. Qd2 Nbd7 11. a4 Rc8 12. a5 Qc7 13. Rfc1 Rfd8 14. Bf3 Nc5 15.
Qe1 Bxb3 16. cxb3 Nd3 17. Qd1 Nxc1 18. Bb6 Qc6 19. Bxd8 Bxd8 20. Qxc1 Qc5 21.
Ra4 Rc6 22. b4 Qd4 23. Qd1 Rc4 24. Qxd4 exd4 25. Ne2 Rc2 26. Kf1 d3 27. Nc3
Nxe4 28. Ke1 Nxf2 29. Nd1 Nxd1 30. Kxd1 Bg5 31. Ra1 Be3 32. Be4 Rf2 33. Bxd3
Rd2+ 0-1